000 01552nas a2200277Ia 4500
001 R232-R2148
003 IT-CnALBA
008 170116c99999999xx |||||||||||| ||und||
040 _aIT-CnALBA
_cIT-CnALBA
041 _aITALIANO
100 _aBETTAN P. GIORGIO, SJ.
210 _aIL MESSAGGIO DEL CUORE DI GESÙ
222 _aIL MESSAGGIO DEL CUORE DI GESÙ
245 0 _aIL MESSAGGIO DEL CUORE DI GESÙ. N. VII. APRILE 1980.
_b ORGANO UFFICIALE DELL'APOSTOLATO DELLA PREGHIERA
250 _a1a ed.
260 _a ROMA
_bMESSAGGERO DEL SACRO CUORE
_c1980
300 _a64 p.
310 _aQUINDICINALE
362 _aFascicolo: 7 / (1980)
500 _aINTENZIONI DEL PAPA. NUOVO IMPULSO ALLA MISSIONE DELLA CHIESA. DIFFICOLTÀ PER LA CHIESA AFRICANA. VALORE DELLA FIGURA DEL PRETE. CULTO AL CUORE DI GESÙ. MESSE VOTIVE DEL CUORE DI GESÙ. PAROLA DI VITA, COMMENTO ALLE LETTURE DEL TEMPO FESTIVO. ADORAZIONE, CORPO E SANGUE DI CRISTO. VITA DEI GRUPPI. DE LA PEZA E. BELLUCCI G. GRASSO D.
501 _aSocietà San Paolo EM - Piazza San Paolo, 14 - 12051 ALBA (CN) (non commercial uses only) ® Copyright 2017
520 _aINTENZIONI DEL PAPA. NUOVO IMPULSO ALLA MISSIONE DELLA CHIESA. DIFFICOLTÀ PER LA CHIESA AFRICANA. VALORE DELLA FIGURA DEL PRETE. CULTO AL CUORE DI GESÙ. MESSE VOTIVE DEL CUORE DI GESÙ. PAROLA DI VITA, COMMENTO ALLE LETTURE DEL TEMPO FESTIVO. ADORAZIONE, CORPO E SANGUE DI CRISTO. VITA DEI GRUPPI. DE LA PEZA E. BELLUCCI G. GRASSO D.
650 _aVITA E MISTERO DI CRISTO
942 _cCR
957 _71
999 _a12126
_bNO
_g1
_c320223
_d320223